000 00909nam a2200133Ia 4500
008 220620s9999||||xx |||||||||||||| ||und||
020 _a9780260000000
245 0 _aGlobal Meat
_bSocial and Environmental Consequences of the Expanding Meat Industry
546 _aEnglish[eng]
650 _aGlobalization||meat industry||aquaculture||corporations||poultry||pork||chicken||beef||fish||CAFOs||animal welfare||environment||labor||China||Rwanda||Ecuador||United States||climate change||solutions||consumption||meat processing||subsidies||agricultural subsidies||seafood||fisheries||livestock||industrial livestock||agribusiness||immigration||race||deportation||USDA||emissions||nutrition||animal rights||nutrition transition||dietary transition||sustainability||sustainable development||vegetarianism
700 _aWinders, Bill||Ransom, Elizabeth
856 _uhttp://mitpress.mit.edu/9780262537735
942 _cEB
999 _c30319
_d30319